000 00467ntaaa2200169 4500
003 01
005 20251027202216.0
008 0714s1973 ag 01
040 _aAR-BaBN
_bspa
_cAR-BaBN
_eaacr
_dRIC
082 _a267.7000 P94p
245 _aProgramas y actividades para muchachos y jovencitos
250 _a1 ed.
260 _aEl Paso :
_bCasa Bautista de Publicaciones,
_c1986
300 _atomos ;
_cilu. : 21,5 cm
650 _aAdolescentes-programas
942 _cBK
999 _c16959
_d16959